| 000 | 00390nam a2200145Ia 4500 | ||
|---|---|---|---|
| 005 | 20250729165748.0 | ||
| 008 | 250729s2004 xx 000 0 und d | ||
| 041 | _aeng | ||
| 082 | _a001.51 RAJO | ||
| 100 |
_aRajasheakar sunder raman _9232371 |
||
| 245 | _aOracle 9 Programming | ||
| 260 |
_aNew Delhi _bPearson Publication _c2004 |
||
| 300 | _a438p | ||
| 650 |
_aComputer Education _9232372 |
||
| 999 |
_c239749 _d239749 |
||